000 00592nam a2200193 a 4500
003 PILC
005 20160215070241.0
008 061017s19uu xx 00 eng d
020 _a9781576753606
050 _aBF 637.S8
_b.St6919 2006
100 _aSteffen, Jim.
245 _aAligned thinking :
_bmake every moment count /
_cJim Steffen.
260 _aSan Francisco :
_bBerrett-Koehler Publishers, Inc,
_c2006.
300 _a136 pages :
_c20 cm.
_billustrations ;
650 _aSuccess
_xPsychological aspects.
650 _aGoal (Psychology).
942 _cBK
_2lcc
_kFOR
999 _c39402
_d39402